| 000 | 00525nam a2200205Ia 4500 | ||
|---|---|---|---|
| 003 | 0100 | ||
| 008 | 130227s9999 xx 000 0 und d | ||
| 040 | _cARRUPELIB | ||
| 050 | _aBT301.2.R4 | ||
| 100 | _aReumann, John Henry Paul | ||
| 245 | _aJesus in the Church's Gospels | ||
| 245 | _bModern scholarship and the earliest sources | ||
| 260 | _aPhiladelphia | ||
| 260 | _bFortress Press | ||
| 260 | _C1968 | ||
| 300 | _axviii | ||
| 300 | _b 539p 22cm | ||
| 650 | _bMarcel, Grabriel- Dramatic works | ||
| 942 |
_2lcc _02 |
||
| 999 |
_c411 _d411 |
||